Normal view
MARC view
- ECONMICS MATHEMATICAL PROBLEMS EXCERCISES ECONOMICS MATHEMATICAL BUSINESS MATHEMATICS PROBLEMS EXCERCISES BUSINESS MATHEMATICS
Entry Topical Term
001 - CONTROL NUMBER
- control field: 71082
003 - CONTROL NUMBER IDENTIFIER
- control field: NUST
005 - DATE AND TIME OF LATEST TRANSACTION
- control field: 20210628204606.0
008 - FIXED-LENGTH DATA ELEMENTS
- fixed length control field: 210628|| aca||aabn | a|a d
040 ## - CATALOGING SOURCE
- Original cataloging agency: NUST
- Transcribing agency: NUST
150 ## - HEADING--TOPICAL TERM
- Topical term or geographic name entry element: ECONMICS MATHEMATICAL PROBLEMS EXCERCISES ECONOMICS MATHEMATICAL BUSINESS MATHEMATICS PROBLEMS EXCERCISES BUSINESS MATHEMATICS
670 ## - SOURCE DATA FOUND
- Source citation: Work cat.: (NUST): Dowlling, Edward T 71081, Scaum out line series of theory and problems of mathematical methods for business and economics, 1993
